2024 Olympics Athletics Gold Medallists by Picture - Statistics

General Stats
  • This quiz has been taken 160 times
  • The average score is 21 of 48
Answer Stats
Picture Hint Answer % Correct
Men's 100 Metres Noah Lyles
93%
Women's 4 x 100 metres relay United States of America
87%
Men's 4 x 400 Metres Relay United States of America
87%
Women's 4 x 400 Metres Relay United States of America
87%
Men's 4 x 100 metres relay Canada
84%
Men's Pole Vault Armand Duplantis
83%
Mixed 4 x 400 Metres Relay Netherlands
78%
Men's 200 Metres Letsile Tebogo
69%
Women's 400 Metres Hurdles Sydney McLaughlin-Levrone
68%
Women's Marathon Sifan Hassan
65%
Women's 100 Metres Julien Alfred
60%
Mixed Marathon Walk Relay Spain
58%
Men's 5000 Metres Jakob Ingebrigtsen
56%
Men's Shot Put Ryan Crouser
55%
Women's Heptathlon Nafissatou Thiam
53%
Women's 200 Metres Gabrielle Thomas
51%
Women's 800 Metres Keely Hodgkinson
48%
Women's 1500 Metres Faith Kipyegon
46%
Men's Long Jump Miltiadis Tentoglou
46%
Men's 1500 Metres Cole Hocker
45%
Men's 400 Metres Hurdles Rai Benjamin
45%
Men's High Jump Hamish Kerr
43%
Women's Discus Throw Valarie Allman
43%
Men's 110 Metres Hurdles Grant Holloway
42%
Men's 400 Metres Quincy Hall
42%
Women's 400 Metres Marileidy Paulino
40%
Men's 3000 Metres Steeplechase Soufiane El Bakkali
40%
Women's Long Jump Tara Davis-Woodhall
39%
Women's 5000 Metres Beatrice Chebet
36%
Women's 10000 Metres Beatrice Chebet
36%
Women's Pole Vault Nina Kennedy
35%
Men's 10000 Metres Joshua Cheptegei
31%
Women's 100 Metres Hurdles Masai Russell
31%
Men's Hammer Throw Ethan Katzberg
28%
Women's 3000 Metres Steeplechase Winfred Yavi
28%
Women's High Jump Yaroslava Mahuchikh
28%
Women's Triple Jump Thea LaFond
25%
Men's 800 Metres Emmanuel Wanyonyi
24%
Men's Javelin Throw Arshad Nadeem
23%
Women's Javelin Throw Haruka Kitaguchi
23%
Men's Triple Jump Jordan Díaz
22%
Men's Decathlon Markus Rooth
22%
Men's Marathon Tamirat Tola
21%
Men's Discus Throw Rojé Stona
20%
Women's Shot Put Yemisi Ogunleye
19%
Women's Hammer Throw Camryn Rogers
18%
Men's 20 Kilometres Walk Brian Pintado
9%
Women's 20 Kilometres Walk Yang Jiayu
6%
No matching quizzes found
Score Distribution
Percent of People with Each Score
Percentile by Number Answered
Your Score History
You have not taken this quiz